000 00590nam a2200229Ia 4500
003 OSt
005 20220923230602.0
006 a|||||r|||| 00| 0
007 ta
008 Pun
024 _a283,373
037 _cTextual
040 _aARTS
_cARTS
_bPun
041 _2Pun
_aPun
082 _aO153,3NVA1x, N4
100 _aਵਰਮਾ, ਵੀਨਾ
245 0 _aਮੁੱਲ ਦੀ ਤੀਵੀ੍ਵ
260 _c1994
650 _aਪੰਜਾਬੀ ਸਾਹਿਤ
942 _hO153,3NVA1x, N4
_cTEXL
_2CC
999 _c385861
_d385861